| 000 | 00585nam a22001937a 4500 | ||
|---|---|---|---|
| 003 | OSt | ||
| 005 | 20240109151552.0 | ||
| 008 | 190409b xxu||||| |||| 00| 0 eng d | ||
| 020 | _a9788123914275 | ||
| 040 |
_cIIMT UNIVERSITY, MEERUT _dSEROSOFT |
||
| 100 | _aSHARMA, PANDEY | ||
| 245 |
_aHUMAN ANATOMY AND PHYSIOLOGY _cAUTHOR _hENGLISH |
||
| 260 |
_aDELHI _bCBSPD _c1ST |
||
| 300 |
_aPAPERBACK _b81 PP. |
||
| 760 | _b1ST ED. | ||
| 856 |
_3PAPERBACK _u615.528 SHA _zANATOMY &,PHYSIOLOGY |
||
| 887 | _2TITLE | ||
| 942 |
_2ddc _c01 _e1ST ED. _hTITLE _iBOOK _k615.528 SHA _m615.528 SHA |
||
| 999 |
_c46041 _d46041 |
||